Nová definícia malých a stredných podnikov užívateľská príručka a modelové vyhlásenie

Salvato in:
Dettagli Bibliografici
Ente Autore: European Commission
Natura: Libro
Lingua:slovacco
Pubblicazione: [Luxembourg] Európske spoločenstvá 2006
Serie:Podnikové a odvetvové publikácie
Soggetti:
Tags: Aggiungi Tag
Nessun Tag, puoi essere il primo ad aggiungerne!!

MARC

LEADER 00000nam$a2200000$$$4500
001 0055119
005 20240313133257.7
020 |a 92-894-7924-8 
041 0 |a slo 
044 |a LU 
245 1 0 |a Nová definícia malých a stredných podnikov  |b užívateľská príručka a modelové vyhlásenie 
264 1 |a [Luxembourg]  |b Európske spoločenstvá  |c 2006 
300 |a 50 s. 
490 1 |a Podnikové a odvetvové publikácie 
830 0 |a Podnikové a odvetvové publikácie 
610 2 0 |a podnik malý 
610 2 0 |a podnik stredný 
610 2 0 |a kapitál 
610 2 0 |a inovácia 
610 2 0 |a výskum 
610 2 0 |a vzťahy medzipodnikové 
610 2 0 |a pracovníci 
610 2 0 |a obrat peňažný 
610 2 0 |a integrácia ekonomická medzinárodná 
610 2 0 |a Európska únia 
710 2 |a European Commission